| 000 | 00372nam a2200157Ia 4500 | ||
|---|---|---|---|
| 008 | 230312s9999||||xx |||||||||||||| ||und|| | ||
| 020 | _a3-03768-005-6 | ||
| 082 |
_a725.4 _bUFF-F |
||
| 100 | _aUffelen;Chris.Van | ||
| 245 | 0 | _aFactory Design | |
| 260 |
_bBraun _aGermany _c2009 |
||
| 300 | _a261 | ||
| 546 | _aEng. | ||
| 650 |
_aArchitecture _vFactory Design |
||
| 942 | _cBK | ||
| 999 |
_c8273 _d8273 |
||